000 00453pab a2200169 454500
008 180718b2005 xxu||||| |||| 00| 0 eng d
100 _aKumar, T. Sampath
245 _aEconomic reforms and FDI inflows: the Indian experience
260 _c2005
300 _ap.129-35.
362 _aApr-Jun
650 _aForeign investment
650 _aEconomic reform - India
650 _aEconomic reform
773 _aIndian Economic Journal
909 _a71912
999 _c71912
_d71912